000 00966nam a2200325Ia 4500
003 OSt
005 20220912151226.0
006 a|||||r|||| 00| 0
007 ta
008 220909b |||||||| |||| 00| 0 eng d
020 _a9056990195 (hbd)
024 _a5480
037 _bOverseas,
037 _cTextual
040 _aCSL
_beng
_cCSL
041 _aeng
082 _aB334:1, N7
100 _aEvans David J
245 0 _aGroup explicit methods for the numerical solution of partial differential equations
260 _aAustralia
_bGordon and Breach Science Publishers
_c1997
300 _avii, 465p
490 _aTopics in computer mathematics; 7
500 _aBibliographical references 455-461p; Index 463-465p
650 _a Differential equations
650 _a Numerical solution
650 _a Partial
650 _aMathematics
942 _hB334:1, N7
_cTEXL
_2CC
999 _c63983
_d63983